[Event "Challenge"]
[Site "http://www.queenalice.com/game.php?id=1522688"]
[Date "2018.4.7"]
[Round "-"]
[White "traub"]
[Black "cdare"]
[Result "0-1"]
[WhiteElo "1697"]
[BlackElo "1840"]

1. d4 Nf6 2. c4 e6 3. Nc3 Bb4 4. a3 Bxc3+ 5. bxc3 d5 6. e3 Nc6 7. cxd5 Nxd5 8.
Qc2 a6 9. Bb2 b5 10. c4 Nf6 11. Nf3 O-O 12. cxb5 Ne7 13. Bd3 axb5 14. Bxb5 Bd7
15. Bc4 Bc6 16. O-O Bxf3 17. gxf3 Ned5 18. h3 c6 19. Qd2 Ne7 20. Rad1 Ng6 21. e4
h6 22. Kh2 Nh5 23. d5 cxd5 24. exd5 exd5 25. Bxd5 Ngf4 26. Qc3 Qh4 27. Kg1 Qg5+
0-1

[Event "AUTO-ADV-4012"]
[Site "http://www.queenalice.com/game.php?id=1526236"]
[Date "2018.5.5"]
[Round "1"]
[White "traub"]
[Black "Fischercat"]
[Result "0-1"]
[WhiteElo "1704"]
[BlackElo "1931"]

1. d4 d5 2. c4 dxc4 3. Nc3 e6 4. e4 Bb4 5. Bxc4 c6 6. a3 Bxc3+ 7. bxc3 b5 8. Bb3
h6 9. Bb2 Ne7 10. f4 Ng6 11. Qd2 O-O 12. Nf3 Ba6 13. O-O Nd7 14. e5 b4 15. c4 c5
16. axb4 cxb4 0-1

[Event "AUTO-ADV-4012"]
[Site "http://www.queenalice.com/game.php?id=1526237"]
[Date "2018.5.5"]
[Round "1"]
[White "Fischercat"]
[Black "traub"]
[Result "1-0"]
[WhiteElo "1923"]
[BlackElo "1712"]

1. e4 e6 2. d4 d5 3. e5 c5 4. c3 Nc6 5. Bb5 a6 6. Bxc6+ bxc6 7. Nf3 Qc7 8. Ng5
f6 9. exf6 Nxf6 10. O-O cxd4 11. Qxd4 h6 12. Nf3 Bd6 13. g3 c5 14. Qd1 O-O 15.
Na3 Ne4 16. Nh4 1-0

[Event "Let's Play Chess!"]
[Site "http://www.queenalice.com/game.php?id=1531071"]
[Date "2018.6.14"]
[Round "-"]
[White "igorjava"]
[Black "traub"]
[Result "1/2-1/2"]
[WhiteElo "1995"]
[BlackElo "1672"]

1. e4 d6 2. Nf3 e5 3. Bc4 Bg4 4. h3 Bh5 5. d3 Qd7 6. Nc3 f5 7. exf5 d5 8. Bxd5
c6 9. Be6 Qc7 10. O-O Nd7 11. Ne4 O-O-O 12. Neg5 h6 13. Nf7 Bxf7 14. Bxf7 Ndf6
15. Be6+ Kb8 16. Qe2 Bd6 17. Bd2 Ne7 18. c4 g6 19. fxg6 Nxg6 20. g3 Qe7 21. Bf5
Qf7 22. Bxg6 Qxg6 23. b4 e4 24. dxe4 Nxe4 25. Nh4 Nxg3 26. fxg3 Qxg3+ 27. Ng2
Qh2+ 28. Kf2 Rhf8+ 29. Ke1 Rde8 30. Ne3 Qg3+ 31. Kd1 Qxh3 32. Rxf8 Rxf8 33. Kc2
Re8 34. Qd3 Rd8 35. c5 Be7 36. Qc3 Bg5 37. Qe5+ Ka8 38. Rd1 Qf3 39. Qc3 Qe4+ 40.
Kc1 Rd3 41. Qh8+ Rd8 42. Qc3 Rd3 43. Qh8+ Rd8 44. Qc3 Rd3 1/2-1/2

[Event "OS INCLIVES"]
[Site "http://www.queenalice.com/game.php?id=1544033"]
[Date "2018.9.28"]
[Round "-"]
[White "adelio"]
[Black "traub"]
[Result "0-1"]
[WhiteElo "1346"]
[BlackElo "1669"]

1. d4 f5 2. h4 e6 3. c4 Nf6 4. a3 g6 5. Nc3 Bg7 6. Bg5 d5 7. e3 O-O 8. Be2 Nbd7
9. Nh3 h6 10. Nf4 Qe8 11. cxd5 exd5 12. g4 hxg5 13. hxg5 Nxg4 14. Bxg4 fxg4 15.
Qxg4 Ne5 16. dxe5 Bxg4 0-1

[Event "Challenge"]
[Site "http://www.queenalice.com/game.php?id=1546160"]
[Date "2018.10.16"]
[Round "-"]
[White "traub"]
[Black "cdare"]
[Result "0-1"]
[WhiteElo "1644"]
[BlackElo "1849"]

1. e4 e5 2. Nf3 Nc6 3. Bb5 Nd4 4. Nxd4 exd4 5. d3 h6 6. f4 a6 7. Ba4 b5 8. Bb3
Bb7 9. Qh5 Qe7 10. O-O Nf6 11. Qf3 c5 12. c3 d6 13. cxd4 Qc7 14. dxc5 dxc5 15.
Nc3 Bd6 16. Be3 O-O 17. Rad1 Rad8 18. Kh1 Nh7 19. Bc2 f5 20. d4 Nf6 21. d5 fxe4
22. Nxe4 Nxd5 23. Nxd6 Qxd6 24. Be4 c4 25. Rd4 Rf7 26. Rfd1 Rfd7 27. f5 Qc6 28.
f6 Qxf6 29. Qxf6 gxf6 30. Bxh6 Bc6 31. Bf5 Re7 32. Rg4+ Kf7 33. Bg6+ Ke6 34. Bf4
Nxf4 35. Rxd8 Nxg6 0-1

[Event "Challenge"]
[Site "http://www.queenalice.com/game.php?id=1552476"]
[Date "2018.12.10"]
[Round "-"]
[White "cdare"]
[Black "traub"]
[Result "1-0"]
[WhiteElo "1840"]
[BlackElo "1653"]

1. e4 Nf6 2. Nc3 e5 3. Nf3 d6 4. h3 c5 5. Bb5+ Bd7 6. Bxd7+ Nbxd7 7. d3 Nb6 8.
O-O Be7 9. Bg5 O-O 10. Bxf6 Bxf6 11. b3 d5 12. exd5 Nxd5 13. Nxd5 Qxd5 14. Nh2
Rad8 15. Ng4 Qc6 16. Nxf6+ Qxf6 17. Qd2 b5 18. Qa5 a6 19. Qc3 Rd5 20. Qe1 Rfd8
21. Rb1 Qh4 22. Qa5 R5d6 23. Qc7 Qd4 24. Qb7 c4 25. bxc4 bxc4 26. Qc7 cxd3 27.
cxd3 f5 28. Qc4+ 1-0

[Event "Challenge"]
[Site "http://www.queenalice.com/game.php?id=1554929"]
[Date "2019.1.1"]
[Round "-"]
[White "traub"]
[Black "Bernhardur"]
[Result "1-0"]
[WhiteElo "1685"]
[BlackElo "2150"]

1. e4 e5 2. Nf3 Nf6 3. Nxe5 Nxe4 4. Qe2 d6 5. Nf3 Qe7 6. d3 Nf6 7. Be3 Nd5 8.
Bd2 Be6 9. c4 Nb6 10. Bg5 Qd7 11. b3 Be7 12. Bxe7 Kxe7 13. Nc3 Re8 14. O-O-O Kf8
15. Qd2 c5 16. d4 Qc7 17. Ng5 d5 18. Nxh7+ Kg8 19. Bd3 dxc4 20. Qg5 Na6 21. Nf6+
1-0

[Event "Let's Play Chess!"]
[Site "http://www.queenalice.com/game.php?id=1558165"]
[Date "2019.1.26"]
[Round "-"]
[White "igorjava"]
[Black "traub"]
[Result "1-0"]
[WhiteElo "1966"]
[BlackElo "1660"]

1. e4 e6 2. Nf3 d5 3. e5 c5 4. c3 Nc6 5. d4 b6 6. Bb5 Qc7 7. a3 a6 8. Bd3 f5 9.
O-O h6 10. b4 cxb4 11. axb4 b5 12. Nh4 Qf7 13. Be2 g5 14. Bh5 gxh4 15. Bxf7+
Kxf7 16. Qh5+ Ke7 17. Bg5+ Kd7 18. Qf7+ Be7 19. Bxh4 h5 20. Qg7 Rh6 21. Bg5 Bb7
22. Bxh6 Rf8 23. Bg5 Nd8 24. Bxe7 Rf7 25. Qxg8 Kxe7 26. Qg5+ Kd7 27. Qxh5 Ke7
28. Nd2 Nc6 29. Nb3 f4 30. Qg6 Ke8 31. Qg8+ 1-0

[Event "Let's Play Chess!"]
[Site "http://www.queenalice.com/game.php?id=1558198"]
[Date "2019.1.26"]
[Round "-"]
[White "traub"]
[Black "manuelito"]
[Result "0-1"]
[WhiteElo "1690"]
[BlackElo "1709"]

1. d4 d5 2. c4 e6 3. Nc3 Nf6 4. e3 dxc4 5. Bxc4 a6 6. f4 Bb4 7. Qa4+ Nc6 8. Ne2
Bd6 9. a3 Bd7 10. Qc2 O-O 11. O-O Na5 12. Ba2 Nc6 13. Ng3 Re8 14. b4 b5 15. f5
exf5 0-1

[Event "Let's Play Chess!"]
[Site "http://www.queenalice.com/game.php?id=1558199"]
[Date "2019.1.26"]
[Round "-"]
[White "manuelito"]
[Black "traub"]
[Result "1-0"]
[WhiteElo "1692"]
[BlackElo "1707"]

1. d4 d5 2. e3 e6 3. Nf3 c5 4. dxc5 Bxc5 5. Bb5+ Nc6 6. O-O Ne7 7. a3 a6 8.
Bxc6+ Nxc6 9. b4 Ba7 10. Bb2 O-O 11. Nbd2 b5 12. Rc1 Bb7 13. Re1 d4 14. exd4
Nxd4 15. Nxd4 1-0

[Event "Let's Play Chess!"]
[Site "http://www.queenalice.com/game.php?id=1560440"]
[Date "2019.2.10"]
[Round "-"]
[White "traub"]
[Black "igorjava"]
[Result "0-1"]
[WhiteElo "1656"]
[BlackElo "1970"]

1. e4 c5 2. Nf3 d6 3. d4 cxd4 4. Nxd4 Nf6 5. Nc3 e5 6. Nb3 Bg4 7. f3 Be6 8. Nd5
Be7 9. Nxe7 Qxe7 10. c4 O-O 11. Bd3 Nc6 12. O-O Nb4 13. a3 Nxd3 14. Qxd3 Rfc8
15. Nd2 Qc7 16. b3 Nd7 17. Bb2 Nc5 18. Qe3 a6 19. f4 f6 20. Nf3 Qc6 21. Rad1
Nxe4 0-1